MDQL
is popping MORE tags! Check the
thread
!
Quizzes
Events
Quiz Creation
Community
Videos
Private Events
Remove Ads
Sign In
Join for FREE
Feedback
Dark Mode
Quiz Categories
Sports
Geography
Music
Movies
Television
Just For Fun
Miscellaneous
History
Literature
Language
Science
Gaming
Entertainment
Religion
Holiday
For Kids
Quiz Lab
Recent
Popular Today
Quiz Kudos Today
Editor Picks
Curator Picks
Quizzes by...
Day
Popularity
Type
Ratings
Length
Year
Community
Subscriptions
Recent Discussions
Orange Saloon
Badges
Playlists
Quests
Create
Leaderboards
Showdown
Live 5
Trivia Bingo
Activity
Puzzle Library
Sporcle Events
Private Events
Virtual Trivia
Globe League
Become a Host
Pub Owners
SporcleCon
Opinionation
Our Games
Videos
Blog
Mobile Apps
Partnerships
Remove Ads and Go Orange
Feedback
Television
TV Characters
TV Show
Sitcom
Network
Friends
Reality Shows
Cast
South Park
Star Trek
The Simpsons
Doctor Who
Television
TV Characters
TV Show
Sitcom
Network
Friends
Reality Shows
Cast
South Park
Star Trek
The Simpsons
Doctor Who
Random Quiz
Search Sporcle
×
Quiz Lab
Quiz Lab
Television
Kpop
Type answers based on single images at one time
Type answers based on single images at one time
Slideshow
Best Score? Go Orange.
2017 Korean Dramas Stats
Can you name the Korean Dramas of 2017?
By
shikshin_sy
15m
44 Questions
742 Plays
742 Plays
742 Plays
Comments
Comments
Give Quiz Kudos
Give Quiz Kudos
-
- Ratings
hide this ad
No Peeking
Image is hidden before quiz starts
Image is hidden before quiz starts
Replay
Link that replays current quiz
Next Quiz
Link to next quiz in quiz playlist
You Got
0%
They Got
Avg Score
38%
Avg Friend Score
Upgrade to see
Score Distribution
Jump to the score distribution portion of the page
Score
0/44
Timer
15:00
0
Plays Today
% Correct
School 2017
85.2%
Goblin
78.9%
Fight for My Way
78.1%
While You Were Sleeping
70%
Hwarang
69.8%
Weightlifting Fairy Kim Bok Joo
64.8%
Suspicious Partner
59.1%
Strong Woman Do Bong Soon
54.8%
Black
54%
The Bride of Water God
50.1%
The Legend of the Blue Sea
47.2%
Missing 9
46.6%
Hospital Ship
46.4%
My Secret Romance
45.9%
Hwayugi
45.3%
The Liar And His Lover
45.1%
Voice
42.6%
Chicago Typewriter
42.2%
Because This is My First Life
40.6%
I'm Not a Robot
40.6%
Man to Man
40.4%
Save Me
39.4%
% Correct
Manhole
37.2%
Untouchable
37.2%
Defendant
37.1%
Duel
36.4%
Queen for Seven Days
35.9%
The Package
33.7%
Black Knight
30.8%
Good Manager
29.3%
Temperature of Love
28.7%
Revolutionary Love
24.8%
Ruler: Master of the Mask
21.1%
The King Is in Love
17.8%
The Rebel
17.1%
Whisper
16.9%
Money Flower
15.4%
Mystery Queen
14.2%
Band of Sisters
12.1%
Stranger
10.4%
Woman Of Dignity
8.5%
Oh, the Mysterious
8.2%
Avengers Social Club
8.1%
Saimdang, Light's Diary
6.5%
Quiz Playlist
Details
Report
Send in Message
Add To Playlist
Slideshow:
Type answers based on single images at one time
No Peeking:
Image is hidden before quiz starts
Last Updated: Feb 3, 2018
Quiz Scoreboard
CHALLENGE
Sign Up to Join the Scoreboard
Show All
Scores
Hide
Comments
May contain spoilers
Recently Published
Colored Red Africa Blitz
by spor1
Geography
30s
Find the 'City' Movie
by crazypaving
Movies
60s
5x2 Blitz: Bands
by SL_Kpop136
Music
30s
More to Explore
Quiz From the Vault
Featured Blog Post
14 Easter Pick-up Lines to Find Eggs With
hide this ad
You Might Also Like...
Tags
Kpop Quiz
Drama
Korean
Korean Drama
Kpop Idol
Kpop Quiz
South Korean
Today's Top Quizzes in Television
Browse Television
hide this ad
Today's Top Quizzes in Kpop
Browse Kpop
Top Contributed Quizzes in Television
1
Survivor Journey Challenge
2
Survivor Logic Puzzle: Heroes vs. Villains
3
One Tree Hill Logic Puzzle
4
Phoebe Buffay Quotes
5
Game of Thrones: Tywin Lannister Start to Finish
6
Brooklyn Nine Nine Logic Puzzle (How-To-Play)
7
A Series of Unfortunate Events: Netflix Character Chain
8
All US Survivor Seasons in Order
9
Survivor: Criteria Castaways
10
A Series of Unfortunate Events: S3 Character Chain
Explore More
Trending Topics
Marvel
NBA
Crossword
Anime
Kpop
Disney
Harry Potter
Soccer
Puzzle
Pokémon
NFL
The Office
Song
Country
WWE
hide this ad
More By:
shikshin_sy
Quiz
Plays
Rating
Category
Featured
Created
How Many Members
8,877
2.93
Music
Feb 21, 2017
LOONA: Oldest to Youngest
4,914
5.00
Music
Jul 4, 2019
Name the Foreign Kpop Idols
1,749
4.86
Music
Mar 30, 2018
TREASURE: Oldest to Youngest
1,727
5.00
Music
Aug 23, 2020
Guess the Twice member without seeing their faces
1,369
4.20
Music
Feb 7, 2017
Go to Creator's Profile
Score Distribution
Quiz Creator Spotlight
shikshin_sy
Follow
Send a Message
Quizzes Created
-
Created Quiz Play Count
-
More By This Creator
Popular Quizzes Today
1
5x2 Blitz: Bands
2
Find the 'City' Movie
3
Colored Red Africa Blitz
4
Find the US States - No Outlines Minefield
5
The Countries of the World
6
Find the US States
7
9x9 Crossword: Cartoon Network
8
US States
More Television Quizzes
Psych: Characters In All 120 Episodes
Quiz Lab
Trending Quizzes
Colored Red Africa Blitz II
Colored Red Europe Blitz I
Christmas Pick: Judaism
Colored Red Africa Blitz III
Colored Red Europe Blitz II
Recently Updated
Champions League XIs: Real Madrid
pecheneg
Largest US Cities 1790-2010
pecheneg
Rides in Walt Disney World
pecheneg
Most Oscar Losses (Acting)
pecheneg
Beyoncé Albums
pecheneg
Leaping Animals
pecheneg
Reality TV Shows (A-Z)
bhenderson79
Rickey Henderson's Hall of Fame Teammates
pecheneg
Champions League XIs: Arsenal
pecheneg
Quick Pick: Celebrities in WWE's Hall of Fame
aduchscher
Trending Topics
Kpop
NBA
Marvel
Crossword
Disney
Anime
Harry Potter
NFL
Pokémon
Country
The Office
WWE
Song
Soccer
Puzzle
Your Account Isn't Verified!
In order to create a playlist on Sporcle, you need to verify the email address you used during registration. Go to your
Sporcle Settings
to finish the process.
Report this User
Report this user for behavior that violates our
Community Guidelines
.
Details:
Send Report
Go to the Sporcle.com Mobile Site →
Comments